All Dreamworks Villains By Movie - Statistics

General Stats
  • This quiz has been taken 21 times
  • The average score is 16 of 63
Answer Stats
Release Date Movie Answer % Correct
2001 Shrek Lord Farquaad
83%
2004 Shrek 2 Fairy Godmother
72%
2004 Shrek 2 Prince Charming
67%
2022 Puss in Boots: The Last Wish Death
61%
2008 Kung Fu Panda Tai Lung
61%
2014 Penguins of Madagascar Dave
50%
2014 How to Train Your Dragon 2 Drago Bludvist
50%
2011 Puss in Boots Humpty Dumpty
44%
2016 Kung Fu Panda 3 Kai
44%
2011 Kung Fu Panda 2 Lord Shen
44%
2024 Kung Fu Panda 4 The Chameleon
44%
2022 Puss in Boots: The Last Wish Big Jack Horner
39%
2010 Megamind Tighten/Hal Stewart
39%
2016 Trolls Chef
33%
2019 How to Train Your Dragon: The Hidden World Grimmel
33%
2011 Puss in Boots Jack
33%
2007 The Bee Movie Ken
33%
2010 Shrek Forever After Rumplestiltskin
33%
2012 Madagascar: Europe's Most Wanted Captain Dubois
28%
2017 The Boss Baby Francis E. Francis
28%
2006 Over the Hedge Gladys Sharp
28%
2013 Turbo Guy Gagne
28%
2017 Captain Underpants: The First Epic Movie Professor Poopypants
28%
2010 How To Train Your Dragon Red Death
28%
2006 Over the Hedge Vincent
28%
2003 Sinbad: Legend of the Seven Seas Eris
22%
1998 Antz General Mandible
22%
2023 Chicken Run: Dawn of the Nugget Mrs Melisha Tweedy
22%
2000 Chicken Run Mrs Tweedy
22%
2025 Dog Man Petey
22%
2012 Rise of the Guardians Pitch Black
22%
2020 Trolls: World Tour Queen Barb
22%
1998 The Prince of Egypt Rameses
22%
2006 Flushed Away The Toad
22%
2006 Over the Hedge Verminator
22%
2005 Wallace and Gromit: Curse of the Wear-Rabbit Victor Quartermaine
22%
2015 Home Captain Smek
17%
2021 The Boss Baby: Family Business Dr. Erwin Armstrong
17%
2009 Monsters Vs Aliens Gallaxhar
17%
1998 The Prince of Egypt Hotep
17%
2011 Puss in Boots Jill
17%
2006 Flushed Away Le Frog
17%
2024 Orion and the Dark Light
17%
2008 Madagascar: Escape 2 Africa Makunga
17%
2008 Madagascar: Escape 2 Africa Nana
17%
2022 The Bad Guys Professor Marmalade
17%
2004 Shark Tale Don Lino
11%
2024 Wallace and Gromit: Vengeance Most Fowl Feathers Mcgraw
11%
2025 Dog Man Flippy
11%
1998 The Prince of Egypt Huy
11%
2025 The Bad Guys 2 Kitty Kat
11%
2014 Mr Peabody and Sherman Ms Grunion
11%
2006 Flushed Away Spike
11%
2000 The Road to El Dorado Tzekel-Kan
11%
2023 Trolls Band Together Velvet
11%
2023 Trolls Band Together Veneer
11%
2024 The Wild Robot Vontra
11%
2019 Abominable Dr. Zara
6%
2021 Spirit Untamed Hendricks
6%
2024 Megamind vs The Doom Syndicate Machiavillain
6%
2023 Ruby Gilman: Teenage Kraken Nerissa
6%
2020 The Croods: A New Age Spiny Mandrilla
6%
2006 Flushed Away Whitey
6%
No matching quizzes found
Score Distribution
Percent of People with Each Score
Percentile by Number Answered
Your Score History
You have not taken this quiz